Rugbymen de légende : Les arrières. - Statistiques

Statistiques générales
  • Ce quiz a été pris 255 fois
    225 depuis la dernière actualisation
  • Le résultat moyen est 4 sur 8
Statistiques - réponses
Par images Hint Réponse % Correct
France Serge Blanco
95%
Nouvelle-Zélande Beauden Barrett
93%
France Émile Ntamack
86%
Nouvelle-Zélande Ben Smith
42%
Angleterre Jason Robinson
34%
Écosse Gavin Hastings
28%
Afrique du Sud Percy Montgomery
24%
Nouvelle-Zélande Christian Cullen
14%
Aucun quiz correspondant
Distribution des résultats
% des personnes avec chaque résultat
Percentile par nombre de réponses
Votre historique - résultats
Vous n’avez pas pris ce quiz depuis la dernière actualisation